ბათუმის შოთა რუსთაველის სახელმწიფო უნივერსიტეტის ბიბლიოთეკა

Проблемы истории Северного Причерноморья в античную эпоху / (ბიბ.ჩანაწერი № 61119)

000 -LEADER
fixed length control field 00955nam a22001817a 4500
005 - DATE AND TIME OF LATEST TRANSACTION
control field 20231220160618.0
008 - FIXED-LENGTH DATA ELEMENTS--GENERAL INFORMATION
fixed length control field 231220s1959 ru ||||| |||| 00| 0 rus d
041 ## - LANGUAGE CODE
Language code of text/sound track or separate title rus
080 ## - UNIVERSAL DECIMAL CLASSIFICATION NUMBER
Universal Decimal Classification number 902.6 П-78
245 ## - TITLE STATEMENT
Title Проблемы истории Северного Причерноморья в античную эпоху /
Statement of responsibility, etc. Редактор: А. П. Смирнов; Академия наук СССР институт истории материальной культуры.
264 ## - PRODUCTION, PUBLICATION, DISTRIBUTION, MANUFACTURE, AND COPYRIGHT NOTICE
Place of production, publication, distribution, manufacture Москва:
Name of producer, publisher, distributor, manufacturer Издательство академии наук СССР,
Date of production, publication, distribution, manufacture, or copyright notice 1959.
300 ## - PHYSICAL DESCRIPTION
Extent 303 с.
Other physical details 21 см.
653 ## - INDEX TERM--UNCONTROLLED
keyword შავი ზღვის რეგიონი
653 ## - INDEX TERM--UNCONTROLLED
keyword ისტორია
700 ## - ADDED ENTRY--PERSONAL NAME
Personal name Смирнов, А. П.
Relator term რედაქტორი
9 (RLIN) 20811
710 ## - ADDED ENTRY--CORPORATE NAME
Corporate name or jurisdiction name as entry element Академия наук СССР
Date of meeting or treaty signing Институт истории материальной культуры.
9 (RLIN) 20812
942 ## - ADDED ENTRY ELEMENTS (KOHA)
Source of classification or shelving scheme
Koha item type წიგნი
ეგზემპლარები
Withdrawn status Lost status Source of classification or shelving scheme Damaged status Not for loan Permanent Location Current Location Shelving location Date acquired Cost, normal purchase price Full call number Barcode Date last seen Copy number Uniform Resource Identifier Price effective from Koha item type Public note
          ბათუმის შოთა რუსთაველის სახელმწიფო უნივერსიტეტის მთავარი ბიბლიოთეკა ბათუმის შოთა რუსთაველის სახელმწიფო უნივერსიტეტის მთავარი ბიბლიოთეკა წიგნსაცავი 2023-12-20 5.00 902.6 П-78 65630 2023-12-20 65630 ბსუ-ს საპატიო დოქტორის გურამ ლორთქიფანიძის საჩუქარი 2023-12-20 წიგნი 5 ლ.